000 00186 a2200097 4500
020 _a9780670836635
041 _aeng
100 _aImpey,Rose
245 _aMy Mom and our dad
942 _cBK
999 _c31503
_d31501